| 000 | 00799nam a22002657a 4500 | ||
|---|---|---|---|
| 005 | 20170124110211.0 | ||
| 010 | _aB-276972 | ||
| 020 |
_c00.00 _a8177583727 |
||
| 035 | _aB-276972 | ||
| 037 | _bCen Lib/Ret | ||
| 040 |
_aDPL _bEN |
||
| 082 |
_a005.262 _bBOO |
||
| 100 |
_aBooch, Grady _938239 |
||
| 245 |
_aThe unifield modeling language user guide / _cby Bgrady booch, James Rumbaugh [and] Ivar Jacobson |
||
| 246 | _b | ||
| 260 |
_bDorling kindersley _c2008 _aNew Delhi |
||
| 270 | _bNew Delhi | ||
| 300 |
_a504p. _c23cm(pbk) |
||
| 500 | _aIncludes glossary and index | ||
| 650 |
_aComputer science _9101946 |
||
| 650 |
_aComputer programming _91122 |
||
| 700 |
_aRumbaugh, James _938241 |
||
| 700 |
_aJacobson, Ivar _938242 |
||
| 942 |
_2ddc _cEN _h005.262 _mBOO |
||
| 999 |
_c133547 _d133547 |
||